000 00745 a2200205 4500
001 64036
005 20260521160829.0
008 260521a1967 arg spa d
003 AR-UNSa-BCEJYS
040 _aAR-UNSa-BCEJYS
_bspa
_cAR-UNSa-BCEJYS
080 _a658
_xAdministración de empresas. Organización comercial
245 1 0 _aLa dirección administrativa y el control global de gestión
264 1 _aMadrid :
_bIberico Europea de Ediciones
_c1967
300 _a295 p.
_c22 cm.
505 _aPrimera Parte: La posición de la dirección administrativa en el cuadro de las responsabilidades de la gestión - Segunda Parte:
041 _aspa
942 _cBK
590 _aniveau_biblio:m niveau_hierar:0
100 1 _aCastagnoli, Paolo
999 _c36513
_d36513